| 000 | 01068nam a2200241Ia 4500 | ||
|---|---|---|---|
| 001 | 220.44-SAC bi (15101) | ||
| 003 | IT-MiSPE | ||
| 008 | 171229s9999||||xx |||||||||||||| ||und|| | ||
| 040 |
_aIT-MiSPE _cIT-MiSPE |
||
| 041 | _aITALIANO | ||
| 100 | _aEusebio Tintori | ||
| 245 | 0 |
_aLa Sacra Bibbia _bI. Genesi - 4 Re |
|
| 250 | _a1a ed. (v) | ||
| 260 |
_aRoma _bPSSP _c1931 |
||
| 300 |
_aXI, 779 p. _c21 cm |
||
| 501 | _aEdizioni San Paolo srl - Piazza Soncino, 5 - 20092 CINISELLO BALSAMO (MI) (non commercial uses only) ® Copyright 2018 | ||
| 520 | _aEusebio Tintori (trad., com.) ED. bilingue; Volgata | ||
| 650 | _aBIBBIA, in latino e italiano | ||
| 700 |
_aEusebio Tintori _g(traduzione) |
||
| 942 | _cBK | ||
| 957 | _71 | ||
| 999 |
_a1477 _bNO _g Copie: 1 _c337777 _d337777 |
||